| 000 | 00573cam a22002053a 4500 | ||
|---|---|---|---|
| 001 | 42617 | ||
| 003 | PGUSA | ||
| 005 | 20140828083950.0 | ||
| 008 | 130429s2013||||xxu|||||s|||||000 | eng d | ||
| 040 |
_aPGUSA _beng |
||
| 042 | _adc | ||
| 100 | 1 |
_aBraun, Lily, _d1865-1916 |
|
| 245 | 1 | 0 |
_aDie Liebesbriefe der Marquise _h[electronic resource] / _cLily Braun |
| 260 |
_bProject Gutenberg, _c2013 |
||
| 506 | _aPublic domain in the USA. | ||
| 516 | _aElectronic text | ||
| 830 | 0 |
_aProject Gutenberg _v42617 |
|
| 856 | 4 | 0 | _uhttp://www.gutenberg.org/ebooks/42617 |
| 942 | _cEB | ||
| 999 |
_c271869 _d271869 |
||